| 000 | 00720nam a22002297a 4500 | ||
|---|---|---|---|
| 003 | LK-CoDNM | ||
| 005 | 20241101115953.0 | ||
| 008 | 241101b |||||||| |||| 00| 0 eng d | ||
| 040 |
_aLK-CoDNM _dLK-CoDNM _eLK-CoDNM |
||
| 041 | _asin | ||
| 080 |
_aප්ර.ස _b13.2 |
||
| 100 | _aජයතිලක ,පී.ඩී.ඒ.එස් | ||
| 245 |
_aසත්බස 9 වන කලාපය 1 වන කාණ්ඩය _b 1920 වර්ෂය |
||
| 250 | _a9th Edition | ||
| 260 |
_aමීගමුව _bපී.ආර්.ඩී සිල්වා _c1920 |
||
| 300 | _a27cm | ||
| 490 | _v1st Volume | ||
| 650 | _aප්ර.ස 13.2 | ||
| 650 | _aසත්බස | ||
| 650 | _a1920 | ||
| 942 | _cBK | ||
| 999 |
_c225393 _d225393 |
||